[Event "Challenge"]
[Site "http://www.queenalice.com/game.php?id=320568"]
[Date "2007.12.15"]
[Round "-"]
[White "jcmobregon"]
[Black "tpstar"]
[Result "1/2-1/2"]
[WhiteElo "2073"]
[BlackElo "2128"]

1. c4 e5 2. g3 Nc6 3. Bg2 f5 4. d3 Nf6 5. Nc3 Bb4 6. a3 Bxc3+ 7. bxc3 O-O 8. Nf3
d6 9. Qb3 Kh8 10. O-O Qe8 11. Bg5 h6 12. Bxf6 Rxf6 13. Rab1 Rb8 14. Rb2 Be6 15.
Qa4 Bd7 16. Rfb1 b6 17. Qa6 Qc8 18. Qxc8+ Rxc8 19. Nd2 Rcf8 20. e3 g5 21. d4 Kg7
22. f4 gxf4 23. exf4 exf4 24. gxf4 Re8 25. Kf2 Na5 26. Bf3 Rfe6 27. Rg1+ Kh7 28.
Bh5 R8e7 29. Rbb1 1/2-1/2

[Event "Challenge"]
[Site "http://www.queenalice.com/game.php?id=331033"]
[Date "2008.1.5"]
[Round "-"]
[White "Gagarin"]
[Black "tpstar"]
[Result "0-1"]
[WhiteElo "1867"]
[BlackElo "2085"]

1. e4 e5 2. Nf3 Nc6 3. Bb5 a6 4. Ba4 Nf6 5. O-O Nxe4 6. Re1 Nc5 7. Bxc6 dxc6 8.
d4 Ne6 9. Nxe5 Be7 10. c3 O-O 11. Nd2 c5 12. Nb3 cxd4 13. Nxd4 Nxd4 14. Qxd4
Qxd4 15. cxd4 Bb4 16. Rf1 Be6 17. Be3 Rfd8 18. Rfd1 Ba5 19. b3 c6 20. h3 f6 21.
Nc4 Bc7 22. Rac1 Rd7 23. Kf1 Bd5 24. Rc2 Rad8 25. Rcd2 b5 26. Na3 Ba5 27. Rc2 c5
28. f3 Bb4 29. Nb1 Bf7 30. Ke2 cxd4 0-1

[Event "Challenge"]
[Site "http://www.queenalice.com/game.php?id=331184"]
[Date "2008.1.5"]
[Round "-"]
[White "nandocassapava"]
[Black "tpstar"]
[Result "1-0"]
[WhiteElo "1790"]
[BlackElo "2126"]

1. e4 e5 2. Nf3 Nc6 3. Bb5 a6 4. Bxc6 dxc6 5. O-O Bg4 6. h3 h5 7. d3 Bd6 8. Be3
Bxf3 9. Qxf3 Qe7 10. Qg3 g6 11. Nd2 O-O-O 12. Nc4 Qe6 13. f4 exf4 14. Nxd6+ cxd6
15. Bxf4 Rd7 16. Qf2 Ne7 17. Bd2 Rh7 18. Qa7 c5 19. b4 Nc6 20. Qa8+ Nb8 21. bxc5
dxc5 22. Bf4 Rc7 23. Bxc7 Kxc7 24. Rab1 Qc6 25. Rf6 1-0

[Event "QA-ANNIV-02"]
[Site "http://www.queenalice.com/game.php?id=346165"]
[Date "2008.1.31"]
[Round "11"]
[White "MikeDoherty"]
[Black "tpstar"]
[Result "0-1"]
[WhiteElo "2033"]
[BlackElo "2092"]

1. e4 e5 2. Nf3 Nc6 3. Bb5 a6 4. Ba4 Nf6 5. O-O Nxe4 6. d4 b5 7. Bb3 d5 8. dxe5
Be6 9. c3 Bc5 10. Qe2 O-O 11. Be3 f5 12. Bxc5 Nxc5 13. Bc2 Qe7 14. Nd4 Nd8 15.
f4 Ne4 16. Nd2 c5 17. Nxe6 Nxe6 18. Nxe4 dxe4 19. a4 c4 20. b3 Kh8 21. bxc4 Qc5+
22. Kh1 Qxc4 23. Qxc4 bxc4 24. g3 Rfd8 25. Rfd1 g5 26. a5 gxf4 27. gxf4 Rd3 28.
Bxd3 cxd3 0-1

[Event "Challenge"]
[Site "http://www.queenalice.com/game.php?id=350227"]
[Date "2008.2.7"]
[Round "-"]
[White "CesarLMarques"]
[Black "tpstar"]
[Result "1-0"]
[WhiteElo "2341"]
[BlackElo "2114"]

1. d4 Nf6 2. c4 e6 3. Nc3 Bb4 4. Nf3 O-O 5. e3 Bxc3+ 6. bxc3 d6 7. Bd3 Re8 8.
O-O e5 9. e4 h6 10. Ba3 exd4 11. cxd4 Nxe4 12. Re1 Nf6 13. Rxe8+ Qxe8 14. Qb3
Nbd7 15. Re1 Qd8 16. c5 dxc5 17. Bc4 Qf8 18. Ne5 Nxe5 19. Rxe5 b5 20. Qxb5 Bd7
21. Qa5 Qb8 22. Bxc5 Qb2 23. Qe1 Re8 24. Bxa7 Rxe5 25. dxe5 Ng4 26. e6 Bxe6 27.
Bxe6 fxe6 28. Qxe6+ Kh8 29. Qc8+ Kh7 30. Qf5+ Kh8 31. g3 Qxa2 32. Bd4 Nf6 33.
Bxf6 gxf6 34. Qxf6+ Kh7 35. Qe7+ 1-0

[Event "Challenge"]
[Site "http://www.queenalice.com/game.php?id=350229"]
[Date "2008.2.7"]
[Round "-"]
[White "tpstar"]
[Black "CesarLMarques"]
[Result "0-1"]
[WhiteElo "2105"]
[BlackElo "2285"]

1. e4 c5 2. Nf3 d6 3. d4 cxd4 4. Nxd4 Nf6 5. Nc3 a6 6. Be3 e5 7. Nf3 Be7 8. Bc4
O-O 9. O-O Nc6 10. Re1 b5 11. Bf1 Bb7 12. Bg5 Ng4 13. Bxe7 Nxe7 14. a3 f5 15. h3
Nf6 16. exf5 Nxf5 17. Qd2 Bxf3 18. gxf3 Nd4 19. Bg2 Nh5 20. Rad1 Nf4 21. Kh2 Qg5
22. Rg1 Qh5 0-1

[Event "QA-ANNIV-03"]
[Site "http://www.queenalice.com/game.php?id=360846"]
[Date "2008.2.25"]
[Round "5"]
[White "tpstar"]
[Black "mds"]
[Result "1-0"]
[WhiteElo "2097"]
[BlackElo "2220"]

1. e4 c5 2. Nf3 Nf6 3. e5 Nd5 4. Nc3 e6 5. Nxd5 exd5 6. d4 Nc6 7. dxc5 Bxc5 8.
Qxd5 Qb6 9. Bc4 Bxf2+ 10. Ke2 O-O 11. Rf1 Bc5 12. Ng5 Nd4+ 13. Kd1 Ne6 14. Ne4
d6 15. exd6 Rd8 16. Qh5 Bxd6 17. Bd3 f5 18. Nxd6 Qxd6 19. Qxf5 1-0

[Event "QA-ANNIV-03"]
[Site "http://www.queenalice.com/game.php?id=385526"]
[Date "2008.4.10"]
[Round "6"]
[White "Plis"]
[Black "tpstar"]
[Result "1-0"]
[WhiteElo "2288"]
[BlackElo "2111"]

1. e4 e5 2. Nf3 Nc6 3. Nc3 Nf6 4. Bb5 Bd6 5. O-O O-O 6. d4 exd4 7. Nxd4 Re8 8.
Nf5 Be5 9. Qf3 Bxc3 10. Qxc3 Rxe4 11. Bh6 Rg4 12. Bxc6 dxc6 13. Bxg7 Bxf5 14.
Bxf6 Qd5 15. f3 Rg6 16. Rf2 c5 17. Rd2 Qc6 18. Be7 b6 19. Rad1 f6 20. Bd8 Rc8
21. Kh1 Kf7 22. Qc4+ Be6 23. Qe2 Rg8 24. Qe3 Kg7 25. Qf4 Rf8 26. Be7 Rf7 27.
Qg3+ Kh6 28. Rd4 cxd4 29. Rxd4 Qb5 30. Rh4+ Qh5 31. Qf4+ Kg6 32. Rxh5 Kxh5 33.
Bxf6 h6 34. Qe5+ 1-0

[Event "chessgames tournament(5)"]
[Site "http://www.queenalice.com/game.php?id=399657"]
[Date "2008.5.8"]
[Round "-"]
[White "tpstar"]
[Black "positionalgenius"]
[Result "1-0"]
[WhiteElo "2109"]
[BlackElo "1763"]

1. e4 c5 2. Nf3 d6 3. d4 cxd4 4. Nxd4 Nf6 5. Nc3 Nc6 6. f3 e5 7. Nde2 Be7 8. Be3
O-O 9. Qd2 Be6 10. Nd5 Qa5 11. Nxe7+ Nxe7 12. Qxa5 1-0

[Event "Chessgames Challenge (rd 3)"]
[Site "http://www.queenalice.com/game.php?id=399876"]
[Date "2008.5.8"]
[Round "-"]
[White "tpstar"]
[Black "Robin01"]
[Result "1/2-1/2"]
[WhiteElo "2085"]
[BlackElo "1966"]

1. e4 c5 2. Nf3 d6 3. d4 cxd4 4. Nxd4 Nf6 5. Nc3 a6 6. Be3 e5 7. Nf3 Be7 8. Bc4
O-O 9. O-O Be6 10. Bb3 Qc7 11. Qe2 Nbd7 12. Rfd1 Rac8 13. Bxe6 fxe6 14. Ng5 Qc4
15. Qxc4 Rxc4 16. Nxe6 Rfc8 17. Ng5 h6 18. Nf3 Nxe4 19. Nd5 Bf8 20. c3 R4c6 21.
Nd2 Nef6 1/2-1/2

[Event "chessgames tournament (9)"]
[Site "http://www.queenalice.com/game.php?id=399939"]
[Date "2008.5.8"]
[Round "-"]
[White "tpstar"]
[Black "arsen387"]
[Result "1-0"]
[WhiteElo "2114"]
[BlackElo "1617"]

1. e4 b6 2. d4 Bb7 3. Nd2 Nf6 4. Bd3 e6 5. Ngf3 c5 6. c3 d5 7. e5 Nfd7 8. Qe2
Be7 9. O-O a6 10. Re1 a5 11. Nf1 Ba6 12. Bxa6 Nxa6 13. Be3 cxd4 14. Bxd4 Nac5
15. N3d2 Rb8 16. f4 O-O 17. Ne3 a4 18. Rf1 f6 19. Ng4 f5 20. Ne3 b5 21. g4 Nb6
22. gxf5 exf5 23. Rf3 Nc4 24. Ndxc4 bxc4 25. Qc2 Nd3 26. Qxa4 Bc5 27. Bxc5 Nxc5
28. Qc6 Ne4 29. Qxd5+ Qxd5 30. Nxd5 g6 31. Nb4 Rfd8 32. Nc6 1-0

[Event "Chessgames Challenge (rd 1) "]
[Site "http://www.queenalice.com/game.php?id=399940"]
[Date "2008.5.8"]
[Round "-"]
[White "shadrach"]
[Black "tpstar"]
[Result "1-0"]
[WhiteElo "1926"]
[BlackElo "2116"]

1. e4 e5 2. Nf3 Nc6 3. Bb5 a6 4. Ba4 Nf6 5. O-O Nxe4 6. d4 b5 7. Bb3 d5 8. dxe5
Be6 9. Nbd2 Nc5 10. c3 d4 11. Ng5 Bd5 12. Nxf7 Kxf7 13. Qf3+ Ke6 14. Qg4+ Ke7
15. e6 Nxb3 16. Nxb3 Bxe6 17. Re1 Qd5 18. Nc5 Nd8 19. cxd4 h6 20. Bf4 c6 21.
Nxe6 Nxe6 22. Re5 Qxe5 23. Bxe5 h5 24. Qe4 Re8 25. Re1 Kf7 26. Qxc6 Bb4 27. Re3
Rhf8 28. Rf3+ Kg8 29. Rxf8+ Kxf8 30. Bd6+ Bxd6 31. Qxd6+ Re7 32. d5 Nc7 33. Qd8+
Re8 34. Qd6+ Re7 35. Kf1 Ke8 36. Qg6+ Kd7 37. Qc6+ 1-0

[Event "chessgames tour rnd 4"]
[Site "http://www.queenalice.com/game.php?id=400094"]
[Date "2008.5.8"]
[Round "-"]
[White "fictionist"]
[Black "tpstar"]
[Result "0-1"]
[WhiteElo "1726"]
[BlackElo "2115"]

1. d4 Nf6 2. c4 e6 3. Nf3 b6 4. g3 Bb7 5. Bg2 Be7 6. O-O O-O 7. Nc3 Ne4 8. Qc2
Nxc3 9. Qxc3 f5 10. Rd1 Bf6 11. Bf4 d6 12. Rac1 Qe7 13. b4 c5 14. bxc5 bxc5 15.
Qb3 cxd4 16. Bxd6 Qxd6 17. Qxb7 Na6 18. Ne1 Nc5 19. Qc6 Qxc6 20. Bxc6 Rac8 21.
Bg2 Na4 22. Kf1 Nb2 23. Rd2 Nxc4 24. Rdc2 Nd6 25. Rxc8 Rxc8 26. Rxc8+ Nxc8 27.
Nd3 Kf7 28. Ke1 Ke7 29. Kd2 Kd6 30. Bb7 Nb6 31. Nb4 e5 32. e4 Kc7 0-1

[Event "Chessgames tournament (6)"]
[Site "http://www.queenalice.com/game.php?id=400419"]
[Date "2008.5.9"]
[Round "-"]
[White "PhonyBenoni"]
[Black "tpstar"]
[Result "0-1"]
[WhiteElo "2037"]
[BlackElo "2104"]

1. e4 e5 2. Nf3 Nc6 3. Bb5 a6 4. Ba4 Nf6 5. O-O Nxe4 6. d4 b5 7. Bb3 d5 8. dxe5
Be6 9. Nbd2 Nc5 10. c3 d4 11. Bxe6 Nxe6 12. cxd4 Ncxd4 13. a4 Bc5 14. Ne4 Bb6
15. Re1 O-O 16. Nfg5 h6 17. Nxe6 Nxe6 18. Be3 Bxe3 19. Rxe3 Qxd1+ 20. Rxd1 bxa4
21. Nc3 Rfd8 22. Red3 Rxd3 23. Rxd3 a3 24. bxa3 Rb8 25. Nd1 Rb5 26. f3 Rxe5 27.
Kf2 Kf8 28. Ne3 Rb5 29. Nc4 Rc5 30. Ne3 a5 31. Ke2 Nf4+ 0-1

[Event "QA-ANNIV-03"]
[Site "http://www.queenalice.com/game.php?id=413709"]
[Date "2008.6.5"]
[Round "7"]
[White "TopMind"]
[Black "tpstar"]
[Result "1-0"]
[WhiteElo "2197"]
[BlackElo "2097"]

1. d4 Nf6 2. Bf4 e6 3. e3 c5 4. Nd2 b6 5. Be2 Bb7 6. Ngf3 d5 7. Bxb8 Qxb8 8.
Bb5+ Ke7 9. Ne5 Qc7 10. O-O c4 11. c3 g6 12. Rc1 Bg7 13. Qf3 Raf8 14. Qf4 Qd6
15. Qh4 a6 16. Ba4 b5 17. Bc2 Ke8 18. Rfe1 Nd7 19. Nxd7 Kxd7 20. e4 f6 21. exd5
Bxd5 22. Ne4 Bxe4 23. Qxe4 Qd5 24. Qe3 f5 25. b3 h5 26. bxc4 bxc4 27. Ba4+ Ke7
28. Rb1 f4 29. Qd2 f3 30. Rb6 fxg2 31. Rexe6+ Qxe6 32. Qg5+ Kf7 33. Rxe6 Kxe6
34. Qxg6+ Bf6 35. Qe4+ Kf7 36. Qb7+ Be7 37. Qxa6 h4 38. Qxc4+ Kf6 39. Qc6+ Kg5
40. Qxg2+ Kh6 41. Qe4 Rhg8+ 42. Kf1 Bg5 43. Bc2 Rg7 44. Qe6+ 1-0

[Event "QA-ANNIV-03"]
[Site "http://www.queenalice.com/game.php?id=446349"]
[Date "2008.8.9"]
[Round "8"]
[White "tpstar"]
[Black "chosadei"]
[Result "1-0"]
[WhiteElo "2080"]
[BlackElo "2038"]

1. e4 e5 2. Nf3 Nc6 3. Bb5 d6 4. d4 Bd7 5. Nc3 exd4 6. Nxd4 Nxd4 7. Bxd7+ Qxd7
8. Qxd4 Ne7 9. Be3 Nc6 10. Qd2 Ne5 11. Qe2 Be7 12. O-O-O c6 13. f4 Ng4 14. Bg1
O-O 15. h3 Nf6 16. g4 Qc7 17. g5 Nd7 18. h4 Rfe8 19. Qg4 Nb6 20. h5 Nc4 21. g6
hxg6 22. hxg6 Bf6 23. e5 Bd8 24. exd6 1-0

[Event "QA-ANNIV-03"]
[Site "http://www.queenalice.com/game.php?id=469833"]
[Date "2008.9.28"]
[Round "9"]
[White "robelix"]
[Black "tpstar"]
[Result "0-1"]
[WhiteElo "2075"]
[BlackElo "2094"]

1. d4 Nf6 2. c4 e6 3. Nc3 Bb4 4. Nf3 O-O 5. Bg5 c5 6. a3 Bxc3+ 7. bxc3 Qa5 8.
Bxf6 Qxc3+ 9. Nd2 gxf6 10. dxc5 Na6 11. e3 Nxc5 12. Be2 Ne4 13. Ra2 Nxd2 14.
Qxd2 Qxd2+ 15. Kxd2 b6 16. Bf3 Rb8 17. Rc1 Bb7 18. Bxb7 Rxb7 19. a4 Rc8 20. e4
Rc5 21. f4 Rbc7 22. Rac2 Kf8 23. Kd3 Ke7 24. Kd4 d5 25. Rc3 Rxc4+ 26. Rxc4 Rxc4+
27. Rxc4 dxc4 28. Kxc4 a6 29. g4 Kd6 30. h3 e5 31. f5 Kc6 0-1

[Event "celebration of 2009"]
[Site "http://www.queenalice.com/game.php?id=520306"]
[Date "2009.1.10"]
[Round "-"]
[White "tpstar"]
[Black "positionalgenius"]
[Result "1-0"]
[WhiteElo "2104"]
[BlackElo "1797"]

1. e4 c5 2. Nf3 d6 3. d4 cxd4 4. Nxd4 Nf6 5. Nc3 a6 6. Be3 e5 7. Nf3 Be7 8. Bc4
O-O 9. O-O Nbd7 10. a4 Qc7 11. Qe2 Nc5 12. Bg5 Be6 13. Bxf6 Bxc4 14. Qxc4 Bxf6
15. Nd5 Qd8 16. Rfd1 Re8 17. Nxf6+ Qxf6 18. Qd5 Qg6 19. Qxd6 Qxd6 20. Rxd6 Nxe4
21. Rb6 Nc5 22. b4 e4 23. bxc5 exf3 24. gxf3 g6 25. Rxb7 Rec8 26. c4 Rxc5 27.
Rc1 Ra5 28. c5 Rc8 29. c6 Re5 30. c7 Kf8 31. Rb8 Ree8 32. Rxc8 Rxc8 33. Rc6 Ke7
34. Kg2 Kd7 35. Rxa6 Rxc7 36. a5 Kc8 37. Rf6 Kb7 38. a6+ Ka7 39. Kg3 Kb8 40. f4
Kc8 41. Kg4 h6 42. h4 Kd8 43. h5 gxh5+ 44. Kxh5 Ke7 45. Rxh6 Rc5+ 46. Kg4 Ra5
47. Rb6 Kd7 48. f3 Ke7 49. f5 Kd7 50. f4 Ke7 51. Kg5 Kf8 52. Kh6 Rxf5 53. a7 Ra5
54. Rb8+ Ke7 55. a8=Q 1-0

[Event "QA-ANNIV-03"]
[Site "http://www.queenalice.com/game.php?id=525042"]
[Date "2009.1.18"]
[Round "10"]
[White "tpstar"]
[Black "glmelo"]
[Result "0-1"]
[WhiteElo "2107"]
[BlackElo "2395"]

1. e4 c5 2. Nf3 Nc6 3. d4 cxd4 4. Nxd4 Nf6 5. Nc3 e5 6. Ndb5 d6 7. Bg5 a6 8. Na3
Be7 9. Nc4 Bg4 10. f3 Be6 11. Bxf6 Bxf6 12. Nxd6+ Kf8 13. Nc4 Nd4 14. Ne3 Bg5
15. Ncd5 Bxe3 16. Nxe3 Qh4+ 17. g3 Qf6 18. Kf2 Rd8 19. Bd3 h5 20. h3 Rh6 21. Kg2
h4 22. gxh4 Qf4 23. Ng4 Rxh4 24. Rf1 Bxg4 25. fxg4 Qe3 26. Rh1 Rd6 27. Qe1 Rxg4+
28. hxg4 Qf3+ 29. Kg1 Qxg4+ 30. Kf1 Qf3+ 0-1

[Event "Challenge"]
[Site "http://www.queenalice.com/game.php?id=550786"]
[Date "2009.3.5"]
[Round "-"]
[White "tpstar"]
[Black "Meirebel"]
[Result "1-0"]
[WhiteElo "2107"]
[BlackElo "2199"]

1. e4 c5 2. Nf3 Nc6 3. d4 cxd4 4. Nxd4 Nf6 5. Nc3 e5 6. Ndb5 d6 7. Bg5 h6 8.
Bxf6 gxf6 9. Nd5 Qa5+ 10. c3 Kd7 11. b4 Qd8 12. Qg4+ Ke8 13. Nbc7+ Qxc7 14.
Nxc7+ Kd8 15. Qh5 Kxc7 16. Qxf7+ Bd7 17. Qxf6 Be7 18. Qf3 Raf8 19. Qd3 Rhg8 20.
b5 Na5 21. Rd1 Be6 22. c4 b6 23. Qc3 Nb7 24. g3 Kb8 25. Be2 Rc8 26. h4 Bxc4 27.
Bxc4 Na5 28. Qxa5 bxa5 29. Bxg8 Rxg8 30. Ke2 Kb7 31. a4 a6 32. bxa6+ Kxa6 33.
Rb1 Rc8 34. Rhc1 Rxc1 35. Rxc1 Kb7 36. Rb1+ Kc6 37. Rb5 Bd8 38. Rb8 Kc7 39. Rxd8
Kxd8 40. Kd3 Kd7 41. Kc4 Kc6 42. g4 Kd7 43. Kd5 Ke7 44. g5 hxg5 45. hxg5 Kd7 46.
g6 Ke7 47. g7 Kf7 48. Kxd6 Kxg7 49. Kxe5 1-0

[Event "Challenge"]
[Site "http://www.queenalice.com/game.php?id=573018"]
[Date "2009.4.16"]
[Round "-"]
[White "waldi"]
[Black "tpstar"]
[Result "0-1"]
[WhiteElo "1958"]
[BlackElo "2122"]

1. d4 Nf6 2. c4 e6 3. Bg5 Bb4+ 4. Nd2 c5 5. dxc5 Bxc5 6. e4 Qb6 7. Nh3 Qxb2 8.
Nb3 Nxe4 9. Nxc5 Nxg5 10. Nxg5 Qb4+ 11. Qd2 Qxc5 12. Bd3 Qe5+ 0-1